| 000 | 01628nam a2200409 i 4500 | ||
|---|---|---|---|
| 001 | 193052 | ||
| 003 | ES-MaACL | ||
| 005 | 20240707063035.0 | ||
| 007 | ta | ||
| 008 | 230726s2003 xxua 001 0 eng c | ||
| 020 | _a0596002637 | ||
| 035 | _aRebiun03553537 | ||
| 040 |
_aNoBUC. _dSpMaUCEI _bspa _cES-MaACL |
||
| 080 | _a025:004.738.5 | ||
| 080 | _a025.315:004 | ||
| 080 | _a004.7 | ||
| 100 | 1 |
_aPowers, Shelley _9233876 _eaut |
|
| 245 | 1 | 0 |
_aPractical RDF / _cShelley Powers |
| 246 | 0 | 3 | _aRDF |
| 250 | _a1st ed | ||
| 260 |
_aSebastopol (California) : _bO'Reilly, _c2003 |
||
| 300 |
_aXV, 331 p. : _bil. ; _c24 cm |
||
| 336 |
_2rdacontent _aTexto |
||
| 337 |
_2rdamedia _asin mediación |
||
| 338 |
_2rdacarrier _avolumen |
||
| 500 | _aCatalogación provisional. Signatura: N 8536. Depósito J. | ||
| 520 | 8 | _aThe Resource Description Framework (RDF) is a structure for describing and interchanging metadata on the Web. Practical RDF explains RDF from the ground up, providing real-world examples and descriptions of how the technology is being used in applications like Mozilla, FOAF, and Chandler, as well as infrastructure you can use to build your own applications | |
| 650 | 0 | 7 |
_aMetadatos _9175499 |
| 650 | 0 | 4 |
_aWeb semántica _9233877 |
| 650 | 0 | 4 |
_aPublicaciones electrónicas _xCatalogación _9233878 |
| 852 |
_aES-MaACL _bR 134117 _cDEPOJ _jN 8536 _zEn proceso _9200357 |
||
| 942 |
_n0 _cMONOGRAFIA |
||
| 999 |
_c193052 _d193052 |
||